British Monarchs On Screen Quiz Stats

 Plays Quiz Updated Jan 27, 2015

Challenge
Share
Tweet
Score 0/26 Timer 07:00
4 Plays Today
% Correct
Henry VIII ('The Simpsons')
97.3%
Elizabeth II ('The Queen')
89.5%
George VI ('The King's Speech')
88%
Elizabeth I ('Civilization V')
86.9%
John ('Robin Hood')
69.1%
Mary I ('The Tudors')
66.2%
Richard I ('Medieval II: Total War')
65.1%
Edward VIII ('W.E.')
63.7%
Charles I ('To Kill A King')
59.7%
George II ('Pirates Of The Caribbean: On Stranger Tides')
59%
Victoria ('Pirates! In An Adventure With Scientists!')
58.7%
George IV ('Blackadder The Third')
53.5%
Charles II ('Hudson's Bay')
49.9%
% Correct
George III ('The Madness Of King George')
48.1%
Edward I ('Braveheart')
45.8%
Henry V ('The Hollow Crown')
42.1%
William IV ('The Young Victoria')
40.7%
James I ('Pocahontas II: Journey To A New World')
38.3%
Henry II ('Becket')
38.2%
Henry VII ('The White Queen')
34.3%
Henry IV ('Chimes At Midnight')
33.1%
Edward II ('Edward II')
25%
Richard III ('Richard III')
24.5%
William I ('Carry On Laughing')
23.3%
Edward V ('Kuroshitsuji')
19.9%
Alfred the Great ('Alfred the Great')
12.5%

You're not logged in!

Compare scores with friends on all Sporcle quizzes.
Join for Free
OR
Log In

You Might Also Like...

Show Comments

Extras

Top Quizzes Today


Score Distribution

Your Account Isn't Verified!

In order to create a playlist on Sporcle, you need to verify the email address you used during registration. Go to your Sporcle Settings to finish the process.

Report this User

Report this user for behavior that violates our Community Guidelines.

Details: